| 000 | 00915cac a22002895a 4500 | ||
|---|---|---|---|
| 006 | a||||f ||z 00| 0 | ||
| 008 | 150817r1999 azua|||| |||| 00| 0 eng d | ||
| 010 | _a 99017682 | ||
| 020 | _a1576104109 | ||
| 020 | _a9781576104101 | ||
| 035 | _a(DLC) 99017682 | ||
| 040 |
_beng _dEG-ScBUE |
||
| 082 | 0 | 4 |
_a005.72 _bGRA _222 |
| 100 | 1 | _aGray, Daniel. | |
| 245 | 1 | 0 |
_aAdobe imagestyler in depth / _cDaniel Gray. |
| 260 |
_aScottsdale, Arizona : _bThe Coriolis Group, LLC, _cc.1999. |
||
| 300 |
_axvi, 398 p. : _bill. ; _c23 cm. + _e1 computer laser optical disc (4 3/4 in.) |
||
| 500 | _adistributer: AL-Ahram | ||
| 500 | _aIndex : p. 385-398. | ||
| 590 | _aDoha Ragab Reviewed by : Wessam | ||
| 650 | 0 |
_aComputer graphics. _2BUEsh |
|
| 650 | 0 |
_aWeb sites _xDesign. _2BUEsh |
|
| 650 | 0 |
_aAdobe ImageStyler. _2BUEsh |
|
| 651 | _2BUEsh | ||
| 653 | _bCOMSCI | ||
| 942 |
_cBB _k005.72 GRA _2ddc |
||
| 999 |
_c9234 _d9234 |
||